A text book of spherical trigonometry and spherical astronomy: (Record no. 7380)

MARC details
000 -LEADER
fixed length control field 00704 a2200193 4500
010 ## - LCCN (DPL NO)
LC control number ENG-87971
020 ## - INTERNATIONAL STANDARD BOOK NUMBER
International Standard Book Number 9788190454612
Terms of availability 695.00
035 ## - SYSTEM CONTROL NUMBER
System control number EN-71504
037 ## - SOURCE OF ACQUISITION
Source of stock number/acquisition DBAD / PUB
082 14 - DEWEY DECIMAL CLASSIFICATION NUMBER
Classification number 516.244
100 1# - MAIN ENTRY--PERSONAL NAME
Personal name Dubey, S.K.D.
245 1# - TITLE STATEMENT
Title A text book of spherical trigonometry and spherical astronomy:
Remainder of title according to new syllabus of U.G.C /
Statement of responsibility, etc by S.K.D. Dubey, D.S.Pandey [and] B.D.Dwivedi
260 ## - PUBLICATION, DISTRIBUTION, ETC. (IMPRINT)
Place of publication, distribution, etc Delhi
Name of publisher, distributor, etc Swastik Publishers & Distributors
Date of publication, distribution, etc 2007
270 ## - ADDRESS
Address 31, Gali No.1, A-Block, Pocket-5, CRP Water Tank, Sonia Vihar
City Delhi
Postal code 110 094
300 ## - PHYSICAL DESCRIPTION
Extent 310 p.
Dimensions 22 cm. (HB)
700 ## - ADDED ENTRY--PERSONAL NAME
Personal name Pandey, D.S.
700 ## - ADDED ENTRY--PERSONAL NAME
Personal name Dwivedi, B.D.
942 ## - ADDED ENTRY ELEMENTS (KOHA)
Institution code [OBSOLETE] dpl
Item type English Books
Source of classification or shelving scheme Dewey Decimal Classification
Classification part 516.244
Call number suffix DUB
Holdings
Withdrawn status Lost status Not for loan Collection code Home library Current library Source of acquisition Cost, normal purchase price Full call number Barcode Copy number Cost, replacement price Koha item type
    Not For Loan Non-fiction D.B.Act.Division D.B.Act.Division DBAD/PUB 695.00 516.244 DUB EN-71504 1 695.00 English Books

© Delhi Public Library
Hit Counter
free hit counter